000 00307nam a22001337a 4500
008 181029b xxu||||| |||| 00| 0 eng d
020 _a9780863882159
041 _aeng
080 _a316
100 _a50
101 _aSOC
245 _aCounselling with Reality Therapy
_cWubbolding, R.E
942 _2udc
_cBK
999 _c51031
_d51031